1890 1798 1872 1091 1792 1762 1062 1060 1856 1233 1837 1716 1230 1615 1321 1440 1122 1402 1448 1375 1892 1073 1181 1646 1150 1268 1516 1456 1487 1727 1284 1018 1404 1401 1914 1092 1912 1759 1300 1131 1284 1438 1382 1547 1966 1677 1440 1656 1116 1696 1832 1835 1954 1838 1999 1705 1368 1083 1037 1620 1904 1252 1993 1186 1966 1138 1671 1541 1567 1879 1348 1849 1726 1467 1562 1766 1384 1809 1927 1486 1878 1689 1598 1173 1609 1731 1635 1675 1512 1122 1229 1540 1906 1991 1343 1723 1100 1770 1642 BCNSPRNW ULIB Ver.6.0+V

เปลี่ยนเป็นภาษาไทย

Change to English
 แสดงรายละเอียดบรรณานุกรม
  กลับหน้าหลัก

Brief Record : Get Marc (ISO 2709) : E-mail record : QR code < ปิดหน้าต่าง
LEADER : 00000nam 2200000uu 4500
001    13399114367
003     ULIB
008    120326s2544||||th 000 0 tha d
020    ^a9746133748
060 04 ^aWA400^bม226ส ล.1 2544
100 0  ชัยยุทธ ชวลิตนิธิกุล
245 10 ^aสุขศาสตร์อุตสาหกรรมพื้นฐาน =^bFundamentals of industrial ล.1 /^cชัยยุทธ ชวลิตนิธิกุล
246 31 ^aFundamentals of industrial hygiene
250    ^aพิมพ์ครั้งที่ 9
260    ^a[นนทบุรี] :^bสำนักพิมพ์มหาวิทยาลัยสุโขทัยธรรมาธิราช,^c2544
300    ^a2 ล. :^bภาพประกอบ ;^c30 ซม.
500    ^a"เอกสารการสอนชุดวิชา 54104 หน่วยที่ 1-8, 9-15" -- หน้าปกใน
500    ^aสิ่งพิมพ์ของ มหาวิทยาลัยสุโขทัยธรรมาธิราช
500    ^aSend to Single Search
591    ^aLICL มีปี 2533
591    ^aLIAD มีปี 2544
650  4 ^aความปลอดภัยในงานอุตสาหกรรม
650  4 ^aเวชศาสตร์อุตสาหกรรม
650  4 ^aสุขศาสตร์อุตสาหกรรม
700 0  ^aชัยยุทธ ชวลิตนิธิกุล
710 2  ^aมหาวิทยาลัยสุโขทัยธรรมาธิราช.^bสาขาวิชาวิทยาศาสตร์สุขภาพ
945    ^p0^l0^i10459
945    ^p0^l0^i10460
945    ^p0^l0^i10461
945    ^p0^l0^i10462
995    ^aกัณชพร
999    ^aใช้งานได้ทุกระบบ
รายการนี้ยังไม่มีแท็ก
คุณยังไม่ได้ล็อกอิน คุณสามารถมีกิจกรรมร่วมกับเว็บไซต์ได้ แต่ต้องล็อกอินก่อน ::
  ล็อกอิน

รายการสื่อสารสนเทศ

ลำดับที่ ประเภท เลขเรียก/บาร์โค้ด สถานที่ สถานะ
- ไม่พบข้อมูล -

รายการใกล้เคียง
    ผู้แต่ง [ชัยยุทธ ชวลิตนิธิกุล]

    หัวเรื่อง [ความปลอดภัยในงานอุตสาหกรรม]
    หัวเรื่อง [เวชศาสตร์อุตสาหกรรม]
    หัวเรื่อง [สุขศาสตร์อุตสาหกรรม]

BibComment


ยังไม่เคยถูกคอมเมนท์

คอมเมนท์ทรัพยากรรายการนี้
  คอมเมนท์: สุขศาสตร์อุตสาหก..


 Copyright 2026. Bcnsprnw @Library